ARRUPE JESUIT UNIVERSITY

CORONAVIRUS -STOP THE SPREAD - CLEAN,DISINFECT,COVER

Current research in philosophy of science : (Record no. 123317)

MARC details
000 -LEADER
fixed length control field 01071cam a2200277 i 4500
001 - CONTROL NUMBER
control field 2739029
003 - CONTROL NUMBER IDENTIFIER
control field ARRUPE
005 - DATE AND TIME OF LATEST TRANSACTION
control field 20150910101924.0
008 - FIXED-LENGTH DATA ELEMENTS--GENERAL INFORMATION
fixed length control field 800115s1979 miu b 100 0 eng
010 ## - LIBRARY OF CONGRESS CONTROL NUMBER
LC control number 78061267
020 ## - INTERNATIONAL STANDARD BOOK NUMBER
International Standard Book Number 0917586085
020 ## - INTERNATIONAL STANDARD BOOK NUMBER
International Standard Book Number 0917586077 (pbk.)
040 ## - CATALOGING SOURCE
Original cataloging agency DLC
Transcribing agency DLC
Modifying agency DLC
050 00 - LIBRARY OF CONGRESS CALL NUMBER
Classification number SPCH.3 A843
082 00 - DEWEY DECIMAL CLASSIFICATION NUMBER
Classification number 501
300 ## - PHYSICAL DESCRIPTION
Dimensions 24 cm.
111 2# - MAIN ENTRY--MEETING NAME
Meeting name or jurisdiction name as entry element P.S.A. Critical Research Problems Conference
Date of meeting (1977 :
Location of meeting Reston, Va.)
9 (RLIN) 19567
245 10 - TITLE STATEMENT
Title Current research in philosophy of science :
Remainder of title proceedings of the P.S.A. Critical Research Problems Conference /
Statement of responsibility, etc edited by Peter D. Asquith & Henry E. Kyburg, Jr.
260 ## - PUBLICATION, DISTRIBUTION, ETC. (IMPRINT)
Place of publication, distribution, etc East Lansing, Mich. :
Name of publisher, distributor, etc Philosophy of Science Association,
Date of publication, distribution, etc 1979.
300 ## - PHYSICAL DESCRIPTION
Extent xiv, 533 p. ;
500 ## - GENERAL NOTE
General note Heelan, Patrick A. - Continental philosophy and the philosophy of science p. 84-93
650 #0 - SUBJECT ADDED ENTRY--TOPICAL TERM
Topical term or geographic name as entry element Science
General subdivision Philosophy
-- Congresses.
9 (RLIN) 14223
700 1# - ADDED ENTRY--PERSONAL NAME
Personal name Asquith, Peter D.
9 (RLIN) 19568
Relator term ed.
700 1# - ADDED ENTRY--PERSONAL NAME
Personal name Kyburg, Henry Ely,
Dates associated with a name 1928-
9 (RLIN) 19569
Relator term ed.
906 ## - LOCAL DATA ELEMENT F, LDF (RLIN)
a 7
b cbc
c orignew
d 2
e opcn
f 19
g y-gencatlg
942 ## - ADDED ENTRY ELEMENTS (KOHA)
Source of classification or shelving scheme Library of Congress Classification
Koha item type SPC
Holdings
Withdrawn status Lost status Source of classification or shelving scheme Damaged status Not for loan Collection code Home library Current library Shelving location Date acquired Total Checkouts Full call number Barcode Date last seen Price effective from Koha item type
    Library of Congress Classification     SPECIAL Collection ARRUPE LIBRARY ARRUPE LIBRARY Reference 09/09/2015   SPCH3.A843 46500003921 09/09/2015 09/09/2015 SPC

 

Arrupe Library. PO Box MP320 Mt Pleasant, Harare, Zimbabwe
263 242 745411|librarian@aju.ac.zw